Statistiques concernant Drapeaux les moins devinés A à Z

Cliquez ici pour prendre le quiz!

Statistiques générales

  • Ce quiz a été pris 244 fois
  • Le résultat moyen est 20 sur 24

Statistiques - réponses

Réponse% Correct
Qatar
99%
Ukraine
97%
Fidji
91%
Ouganda
89%
Haïti
88%
Philippines
88%
Yémen
86%
Zambie
86%
Jordanie
85%
Dominique
83%
Kirghizistan
83%
Cap-Vert
81%
Antigua-et-Barbuda
80%
Érythrée
79%
Rwanda
79%
Bolivie
77%
Lesotho
77%
Micronésie
77%
Namibie
77%
Tuvalu
77%
Vanuatu
74%
Gambie
70%
Île Maurice
67%
Salomon
67%

Distribution des résultats

Percentile par nombre de réponses

% des personnes avec chaque résultat

Votre développement - résultats

Vous n’avez pas pris ce quiz